Statystyki dla Stolice Afryki - Quiz na mapie

Kliknij tutaj aby rozwiązać quiz!

Ogólne statystyki

  • Ten quiz został rozwiązany 9 815 razy
  • Średni wynik to 21 z 56

Odpowiedzi na mapie

Odpowiedzi skodowane kolorowo w zielono-czerwonej skali na mapie do tego quizu, zgodnie z poniższymi procentami.
 

Statystyki odpowiedzi

Odpowiedź% Poprawnych
Kair
83%
Algier
82%
Tunis
76%
Rabat
74%
Trypolis
67%
Dżibuti
62%
Antananarywa
61%
Addis Abeba
59%
Nairobi
58%
Chartum
52%
Dakar
51%
Kapsztad
49%
Bissau
45%
Kinszasa
45%
Pretoria
44%
Mogadiszu
43%
São Tomé
42%
Abudża
41%
Ndżamena
41%
Brazzaville
37%
Luanda
37%
Akra
36%
Niamey
35%
Asmara
33%
Dodoma
33%
Dżuba
33%
Kampala
33%
Windhuk
32%
Freetown
30%
Gaborone
30%
Lomé
30%
Victoria
30%
Harare
29%
Kigali
29%
Port Louis
29%
Bangi
28%
Bloemfontein
28%
Maputo
28%
Nawakszut
28%
Wagadugu
28%
Bamako
27%
Jamusukro
27%
Jaunde
27%
Lusaka
27%
Mbabane
27%
Porto-Novo | Kotonu
26%
Bandżul
25%
Libreville
25%
Lilongwe
25%
Praia
25%
Monrovia
24%
Gitega
23%
Konakry
21%
Maseru
21%
Malabo
19%
Moroni
19%

Rozkład punktacji

Percentyl według liczby udzielonych odpowiedzi

Procent ludzi z każdym wynikiem

Twoja historia wyników

Nie rozwiązałeś tego quizu